| 000 | 00668nam a2200217Ii 4500 | ||
|---|---|---|---|
| 003 | JO-AjNU | ||
| 008 | 230605s9999||||xx |||||||||||||| ||und|| | ||
| 017 | _a1983/7/363 | ||
| 040 |
_aJO-AjNU _bara _erda _cJO-AjNU |
||
| 041 | _aara | ||
| 050 | 1 | 4 | _aBP145.A2254 1987 |
| 100 | 3 |
_aأبو عيد، العبد خليل, _eauthor _945526 |
|
| 245 | 0 | 0 | _aمباحث في أصول الفقه الإسلامي |
| 250 | _aط2 | ||
| 264 | 3 | 1 | _aد.م: دار الفرقان، 1987 |
| 300 | _a152ص | ||
| 336 |
_atext _btxt _2rdacontent |
||
| 337 |
_aunmediated _bn _2rdamedia |
||
| 338 |
_avolume _bnc _2rdacarrier |
||
| 650 | 4 |
_aالفقه الاسلامي- اصول _945527 |
|
| 999 |
_aA19742 _c23310 _d23310 |
||